The operation research problem solver (Record no. 580562)

000 -LEADER
fixed length control field 00406nam a22001697a 4500
003 - CONTROL NUMBER IDENTIFIER
control field CEME
005 - DATE AND TIME OF LATEST TRANSACTION
control field 20210628205340.0
008 - FIXED-LENGTH DATA ELEMENTS--GENERAL INFORMATION
fixed length control field 210311b xxu||||| |||| 00| 0 eng d
020 ## - INTERNATIONAL STANDARD BOOK NUMBER
International Standard Book Number 0-87891-548-6
040 ## - CATALOGING SOURCE
Transcribing agency .
082 ## - DEWEY DECIMAL CLASSIFICATION NUMBER
Classification number 658.4034 FOG'O
100 ## - MAIN ENTRY--PERSONAL NAME
Personal name Fogiel, M.Dr
9 (RLIN) 6312
245 ## - TITLE STATEMENT
Title The operation research problem solver
260 ## - PUBLICATION, DISTRIBUTION, ETC.
Place of publication, distribution, etc. NEW YORK
Name of publisher, distributor, etc. REA
Date of publication, distribution, etc. 1987
300 ## - PHYSICAL DESCRIPTION
Extent 1076P
942 ## - ADDED ENTRY ELEMENTS (KOHA)
Koha item type Book
Source of classification or shelving scheme

No items available.

© 2023 Central Library, National University of Sciences and Technology. All Rights Reserved.